000 00374 a2200145 4500
999 _c8666
_d8666
020 _a9781452242569
050 _aH62YIN2014
100 _aYin Robert K
_eauthor
245 _aCase study research design and methods /
_cRobert K.Yin
264 _aNew Delhi:
_bSage,
_c2014
300 _a282p. :
500 _aincludes index
650 _aresearch
942 _2lcc
_cBK
_h62
_iYIN
_kH